Direito ambiental / (Record no. 441)

MARC details
000 -LÍDER
Campo Fixo de Controle 00909nam a2200277 a 4500
001 - NÚMERO DE CONTROLE
Campo de Controle 441
003 - IDENTIFICAÇÃO DO NÚMERO DE CONTROLE
Campo de Controle BR-CuiBMT
005 - DATA E HORA DA ÚLTIMA ATUALIZAÇÃO
Campo de Controle 20231122134709.0
008 - DADOS FIXOS
Dados Fixos 231106s2008 spb 000 0 por d
020 ## - INTERNATIONAL STANDARD BOOK NUMBER
Nº do ISBN 9788522450978
040 ## - AGÊNCIA CATALOGADORA
Código da Agência Catalogadora BR-CuiBMT
Agência que transcreveu o registro BR-CuiBMT
080 ## - Nº DA CLASSIFICAÇÃO DECIMAL UNIVERSAL
Nº edição CDU 2007
Nº Class. CDU 349.6
090 ## - NÚMERO DE CHAMADA
Nº classificação 349.6
Cutter D598
245 00 - TÍTULO PRINCIPAL
Título principal Direito ambiental /
Indicação de responsabilidade Gisele Ferreira de Araújo, organizadora ; [autores] Andréa Pinheiro ... [et al.].
260 ## - PUBLICAÇÃO, DISTRIBUIÇÃO, ETC.
Local de publicação São Paulo :
Editora Atlas,
Data 2008.
300 ## - DESCRIÇÃO FÍSICA
N. páginas ou volumes 193 p. ;
Dimensões 21 cm
500 ## - NOTAS GERAIS
Notas gerais Vários colaboradores.
504 ## - NOTA DE BIBLIOGRAFIA, ETC.
Nota de bibliografia Inclui bibliografia.
650 ## - ASSUNTO TÓPICO
Cabeçalho tópico ou nome geográfico Direito ambiental
Subdivisão geral Brasil
650 ## - ASSUNTO TÓPICO
Cabeçalho tópico ou nome geográfico Meio ambiente
Subdivisão geral Legislação
Subdivisão geográfica Brasil
650 ## - ASSUNTO TÓPICO
Cabeçalho tópico ou nome geográfico Meio ambiente
Subdivisão geral Política nacional
Subdivisão geográfica Brasil
650 ## - ASSUNTO TÓPICO
Cabeçalho tópico ou nome geográfico Responsabilidade civil ambiental
700 1# - ENTRADA SECUNDÁRIA -- NOME PESSOAL
Nome pessoal Araújo, Gisele Ferreira de,
Datas associadas ao nome 1967-
Cód. do termo explicativo org.
700 1# - ENTRADA SECUNDÁRIA -- NOME PESSOAL
Nome pessoal Pinheiro, Andréa,
Datas associadas ao nome 1968-
Termo de relação et al.
-- autores
942 ## - ELEMENTOS DE ENTRADA ADICIONAIS (KOHA)
Fonte de classificação ou esquema de arquivamento Classificação Decimal Universal
Tipo de item do Koha Livros
Holdings
Estado: removido Estado: perdido Fonte de classificação ou esquema de arquivamento Estado: danificado Indisponível para empréstimo Localização permanente Localização atual Data de aquisição Total Checkouts Número de Chamada completo Código de barras Date last seen Número do exemplar Preço efetivo a partir de Tipo de item (Koha)
    Classificação Decimal Universal     Biblioteca da Escola Superior de Contas do TCE/MT Biblioteca da Escola Superior de Contas do TCE/MT 02/04/2013   349.6 D598 BIBTCEMT23110182 06/11/2023 Ex. 1 06/11/2023 Livros

Powered by Koha